Základní principy koncepce zdokonalování řízení VTR čs. národního hospodářství v 90. a 80. letech průběžná zpráva VIII-3-1/3
Saved in:
| Main Author: | |
|---|---|
| Format: | Book |
| Language: | Czech |
| Published: |
Praha
Výzkumný ústav pro vědecko-technický rozvoj
1984
|
| Tags: |
No Tags, Be the first to tag this record!
|
MARC
| LEADER | 00000nam a2200000 4500 | ||
|---|---|---|---|
| 001 | c117208 | ||
| 005 | 20181203150341.8 | ||
| 041 | 0 | |a cze | |
| 044 | |a CZ | ||
| 245 | 1 | 0 | |a Základní principy koncepce zdokonalování řízení VTR čs. národního hospodářství v 90. a 80. letech |b průběžná zpráva VIII-3-1/3 |c V. Hábová |
| 264 | 1 | |a Praha |b Výzkumný ústav pro vědecko-technický rozvoj |c 1984 | |
| 300 | |a 119 s. | ||
| 100 | 1 | |a Hábová, Vlasta | |